<?xml version="1.0" encoding="UTF-8"?><?xml-stylesheet type="text/xsl" href="static/style.xsl"?><OAI-PMH xmlns="http://www.openarchives.org/OAI/2.0/" xmlns:xsi="http://www.w3.org/2001/XMLSchema-instance" xsi:schemaLocation="http://www.openarchives.org/OAI/2.0/ http://www.openarchives.org/OAI/2.0/OAI-PMH.xsd"><responseDate>2026-06-06T18:46:53Z</responseDate><request verb="GetRecord" identifier="oai:riuma.uma.es:10630/35635" metadataPrefix="marc">https://riuma.uma.es/rest/oai/request</request><GetRecord><record><header><identifier>oai:riuma.uma.es:10630/35635</identifier><datestamp>2026-02-03T10:15:57Z</datestamp><setSpec>com_10630_1685</setSpec><setSpec>col_10630_38084</setSpec></header><metadata><record xmlns="http://www.loc.gov/MARC21/slim" xmlns:dcterms="http://purl.org/dc/terms/" xmlns:doc="http://www.lyncode.com/xoai" xmlns:xsi="http://www.w3.org/2001/XMLSchema-instance" xsi:schemaLocation="http://www.loc.gov/MARC21/slim http://www.loc.gov/standards/marcxml/schema/MARC21slim.xsd">
   <leader>00925njm 22002777a 4500</leader>
   <datafield ind2=" " ind1=" " tag="042">
      <subfield code="a">dc</subfield>
   </datafield>
   <datafield ind2=" " ind1=" " tag="720">
      <subfield code="a">Pascual-Lacal, María del Rocío</subfield>
      <subfield code="e">author</subfield>
   </datafield>
   <datafield ind2=" " ind1=" " tag="720">
      <subfield code="a">Madrid-Vivar, Dolores</subfield>
      <subfield code="e">author</subfield>
   </datafield>
   <datafield ind2=" " ind1=" " tag="260">
      <subfield code="c">2024-12</subfield>
   </datafield>
   <datafield ind2=" " ind1=" " tag="520">
      <subfield code="a">Los Planes Educativos de carácter no formal para personas adultas en la Comunidad Autónoma de Andalucía, tienen como objetivo fomentar la educación continua de este colectivo mediante diversos programas. Entre ellos, destacada el relacionado con el conocimiento y conservación del Patrimonio Cultural y Entorno Natural. En este contexto, el documento recoge una propuesta de situación de aprendizaje titulada «El Museo Viviente: dando Vida al Patrimonio Cultural de Málaga», con un enfoque innovador, que incluye la Pedagogía Montessori, para que el alumnado explore, valore y comparta el patrimonio cultural de Málaga.</subfield>
   </datafield>
   <datafield ind1="8" ind2=" " tag="024">
      <subfield code="a">https://hdl.handle.net/10630/35635</subfield>
   </datafield>
   <datafield tag="653" ind2=" " ind1=" ">
      <subfield code="a">Educación no formal</subfield>
   </datafield>
   <datafield ind2="0" ind1="0" tag="245">
      <subfield code="a">«El museo viviente», propuesta de situación de aprendizaje para la conservación del patrimonio culturalDE ANDALUCÍA  EN EDUCACIÓN NO FORMAL</subfield>
   </datafield>
</record>
</metadata></record></GetRecord></OAI-PMH>